Loading...
| Literature - American | 0 | 5 | 0 | 0 | 50 | 83 | 97.80 | 2 | 3 | 0.00 | 0.00 |
| Literature - British | 0 | 5 | 1 | 0 | 45 | 23 | 76.60 | 1 | 4 | 0.00 | 0.00 |
| Literature - European | 0 | 5 | 2 | 0 | 40 | 37 | 81.20 | 3 | 5 | 0.00 | 0.00 |
| Science - Chemistry | 0 | 3 | 0 | 0 | 30 | 99 | 112.67 | 0 | 1 | 0.00 | 0.00 |
| Philosophy | 0 | 2 | 0 | 0 | 20 | 117 | 123.50 | 0 | 1 | 0.00 | 0.00 |
| Science - Other | 0 | 2 | 0 | 0 | 20 | 101 | 113.00 | 0 | 2 | 0.00 | 0.00 |
| Science - Physics | 0 | 2 | 1 | 0 | 15 | 120 | 120.50 | 0 | 1 | 0.00 | 0.00 |
| Science - Biology | 0 | 2 | 1 | 1 | 15 | 109 | 111.00 | 0 | 0 | 0.00 | 0.00 |
| History - European | 0 | 2 | 1 | 1 | 15 | 133 | 134.00 | 0 | 0 | 0.00 | 0.00 |
| Social Science | 0 | 1 | 0 | 0 | 10 | 94 | 94.00 | 0 | 0 | 0.00 | 0.00 |
| Fine Arts - Painting and Sculpture | 0 | 2 | 2 | 1 | 10 | 110 | 121.00 | 0 | 0 | 0.00 | 0.00 |
| History - American | 0 | 1 | 0 | 0 | 10 | 108 | 108.00 | 0 | 0 | 0.00 | 0.00 |
| Other Academic | 0 | 1 | 0 | 0 | 10 | 91 | 91.00 | 0 | 0 | 0.00 | 0.00 |
| Literature - World | 0 | 3 | 5 | 0 | 5 | 119 | 131.67 | 0 | 1 | 0.00 | 0.00 |
| History - Other | 0 | 1 | 1 | 0 | 5 | 120 | 120.00 | 0 | 1 | 0.00 | 0.00 |
| Fine Arts - Classical Music | 0 | 1 | 1 | 0 | 5 | 132 | 132.00 | 0 | 0 | 0.00 | 0.00 |
| Religion | 0 | 1 | 1 | 0 | 5 | 107 | 107.00 | 0 | 1 | 0.00 | 0.00 |
| Mythology | 0 | 0 | 1 | 0 | -5 | 0.00 | 0 | 0 | 0.00 | 0.00 | |
| History - World | 0 | 0 | 1 | 0 | -5 | 0.00 | 0 | 0 | 0.00 | 0.00 | |
| Fine Arts - Other | 0 | 0 | 1 | 0 | -5 | 0.00 | 0 | 0 | 0.00 | 0.00 |